[Event "ODJM C 2023"]
[Site "Willingen GER"]
[Date "2023.05.29"]
[Round "3"]
[White "Baihaghi, Arash"]
[Black "Briese, Paul"]
[Result "0-1"]
[Termination "normal"]
[Board "5"]
[WhiteElo "1226"]
[BlackElo "1321"]
[WhiteClock "01:11:24"]
[BlackClock "00:31:54"]
[PlyCount "84"]
[WhiteFideId "34604979"]
[BlackFideId "16273826"]
[EventCountry "GER"]
[EventRounds "9"]
[EventType "swiss"]
[EventDate "2023.05.27"]

1. e4 {[%clk 01:30:59]} d6 {[%clk 01:30:55]} {[%emt 00:00:03]} 2. d4 {[%clk
01:31:23]} {[%emt 00:00:06]} Nf6 {[%emt 00:00:13]} 3. Nc3 {[%emt 00:00:13]}
Nbd7 {[%clk 01:30:50]} {[%emt 00:00:09]} 4. Nf3 {[%clk 01:31:20]} {[%emt
00:00:33]} e5 {[%clk 01:31:05]} {[%emt 00:00:15]} 5. Be2 {[%clk 01:31:07]}
{[%emt 00:00:43]} Be7 {[%clk 01:30:48]} {[%emt 00:00:47]} 6. O-O {[%clk
01:31:20]} {[%emt 00:00:17]} O-O {[%clk 01:29:49]} {[%emt 00:01:29]} 7. Be3
{[%clk 01:30:58]} {[%emt 00:00:52]} b6 {[%clk 01:28:49]} {[%emt 00:01:30]} 8.
h3 {[%clk 01:30:21]} {[%emt 00:01:07]} Bb7 {[%clk 01:27:22]} {[%emt 00:01:57]}
9. d5 {[%clk 01:30:06]} {[%emt 00:00:46]} c6 {[%clk 01:25:34]} {[%emt
00:02:17]} 10. Bc4 {[%clk 01:28:23]} {[%emt 00:02:13]} cxd5 {[%clk 01:23:26]}
{[%emt 00:02:38]} 11. Bxd5 {[%clk 01:28:31]} {[%emt 00:00:22]} Nxd5 {[%clk
01:23:33]} {[%emt 00:00:23]} 12. Nxd5 {[%clk 01:28:46]} {[%emt 00:00:16]} Nf6
{[%clk 01:22:57]} {[%emt 00:01:05]} 13. Nxf6+ {[%clk 01:28:04]} {[%emt
00:01:11]} Bxf6 {[%clk 01:22:58]} {[%emt 00:00:30]} 14. Qd3 {[%clk 01:28:09]}
{[%emt 00:00:25]} d5 {[%clk 01:21:32]} {[%emt 00:01:56]} 15. exd5 {[%clk
01:27:11]} {[%emt 00:01:28]} Bxd5 {[%clk 01:19:53]} {[%emt 00:02:09]} 16. Qf5
{[%clk 01:26:26]} {[%emt 00:01:15]} Bxf3 {[%clk 01:19:03]} {[%emt 00:01:20]}
17. Qxf3 {[%clk 01:25:57]} {[%emt 00:01:00]} Qe7 {[%clk 01:17:37]} {[%emt
00:01:55]} 18. Rad1 {[%clk 01:25:24]} {[%emt 00:01:02]} e4 {[%clk 01:17:12]}
{[%emt 00:00:55]} 19. Qg4 {[%clk 01:25:06]} {[%emt 00:00:49]} Bxb2 {[%clk
01:14:58]} {[%emt 00:02:44]} 20. Rd7 {[%clk 01:24:17]} {[%emt 00:01:20]} Qe6
{[%clk 01:10:09]} {[%emt 00:05:19]} 21. Qd1 {[%clk 01:23:21]} {[%emt 00:01:25]}
Qxa2 {[%clk 01:06:38]} {[%emt 00:04:01]} 22. Re7 {[%clk 01:22:31]} {[%emt
00:01:20]} Rfe8 {[%clk 01:04:30]} {[%emt 00:02:36]} 23. Rc7 {[%clk 01:21:44]}
{[%emt 00:01:19]} Be5 {[%clk 01:01:05]} {[%emt 00:03:54]} 24. Rd7 {[%clk
01:21:17]} {[%emt 00:00:58]} f5 {[%clk 00:56:13]} {[%emt 00:05:22]} 25. Qh5
{[%clk 01:20:05]} {[%emt 00:01:40]} f4 {[%clk 00:54:09]} {[%emt 00:02:35]} 26.
Bd2 {[%clk 01:18:47]} {[%emt 00:01:48]} Qe6 {[%clk 00:51:20]} {[%emt 00:03:13]}
27. Rb7 {[%clk 01:17:19]} {[%emt 00:02:05]} Qd5 {[%clk 00:51:02]} {[%emt
00:00:48]} 28. Rc7 {[%clk 01:17:34]} {[%emt 00:00:16]} f3 {[%clk 00:49:01]}
{[%emt 00:02:30]} 29. g3 {[%clk 01:17:11]} {[%emt 00:00:54]} Qxd2 {[%clk
00:47:48]} {[%emt 00:01:42]} 30. Qf7+ {[%clk 01:17:09]} {[%emt 00:00:32]} Kh8
{[%clk 00:48:05]} {[%emt 00:00:13]} 31. Rd7 {[%clk 01:15:56]} {[%emt 00:01:43]}
Qxc2 {[%clk 00:44:05]} {[%emt 00:04:31]} 32. h4 {[%clk 01:15:16]} {[%emt
00:01:08]} Rf8 {[%clk 00:42:13]} {[%emt 00:02:22]} 33. Rxa7 {[%clk 01:13:07]}
{[%emt 00:02:40]} Qc5 {[%clk 00:40:03]} {[%emt 00:02:38]} 34. Rxa8 {[%clk
01:12:43]} {[%emt 00:00:56]} Rxa8 {[%clk 00:39:17]} {[%emt 00:01:16]} 35. Qb7
{[%clk 01:12:49]} {[%emt 00:00:24]} Rf8 {[%clk 00:38:34]} {[%emt 00:01:11]} 36.
Qxe4 {[%clk 01:12:43]} {[%emt 00:00:38]} Bxg3 {[%clk 00:37:25]} {[%emt
00:01:37]} 37. Qg4 {[%clk 01:12:22]} {[%emt 00:00:53]} Rf6 {[%clk 00:33:37]}
{[%emt 00:04:19]} 38. h5 {[%clk 01:11:49]} {[%emt 00:01:02]} Rf5 {[%clk
00:31:54]} {[%emt 00:02:13]} 39. Qe4 {[%clk 01:11:37]} {[%emt 00:00:42]} Bxf2+
{[%clk 00:31:19]} {[%emt 00:01:04]} 40. Rxf2 {[%clk 01:11:13]} {[%emt
00:00:55]} Rg5+ {[%clk 00:31:39]} {[%emt 00:00:10]} 41. Kh1 {[%clk 01:11:23]}
{[%emt 00:00:20]} Rxh5+ {[%clk 00:31:54]} {[%emt 00:00:15]} 42. Kg1 {[%clk
01:11:24]} {[%emt 00:00:29]} Qg5+ {[%emt 00:03:16]} 0-1

[Event "ODJM C 2023"]
[Site "Willingen GER"]
[Date "2023.05.29"]
[Round "3"]
[White "Sun, Christopher"]
[Black "Wilke, Ronja"]
[Result "1-0"]
[Termination "normal"]
[Board "6"]
[WhiteElo "1313"]
[BlackElo "1145"]
[WhiteClock "00:13:33"]
[BlackClock "00:12:51"]
[PlyCount "117"]
[WhiteFideId "34630368"]
[BlackFideId "16288378"]
[EventCountry "GER"]
[EventRounds "9"]
[EventType "swiss"]
[EventDate "2023.05.27"]

1. e4 {[%clk 01:30:59]} c6 {[%clk 01:30:55]} {[%emt 00:00:04]} 2. d4 {[%clk
01:31:24]} {[%emt 00:00:06]} d5 {[%clk 01:31:14]} {[%emt 00:00:10]} 3. exd5
{[%clk 01:31:50]} {[%emt 00:00:05]} cxd5 {[%clk 01:31:29]} {[%emt 00:00:13]} 4.
Bd3 {[%clk 01:32:14]} {[%emt 00:00:08]} Nc6 {[%clk 01:30:52]} {[%emt 00:01:06]}
5. c3 {[%clk 01:32:33]} {[%emt 00:00:11]} Nf6 {[%clk 01:28:52]} {[%emt
00:02:30]} 6. Ne2 {[%clk 01:32:03]} {[%emt 00:00:58]} e6 {[%clk 01:28:42]}
{[%emt 00:00:42]} 7. Qc2 {[%clk 01:31:29]} {[%emt 00:01:03]} g6 {[%clk
01:27:41]} {[%emt 00:01:33]} 8. Bg5 {[%clk 01:31:16]} {[%emt 00:00:42]} Bg7
{[%clk 01:27:34]} {[%emt 00:00:37]} 9. Nd2 {[%clk 01:27:58]} {[%emt 00:03:49]}
Bd7 {[%clk 01:26:37]} {[%emt 00:01:26]} 10. O-O {[%clk 01:27:52]} {[%emt
00:00:36]} O-O {[%clk 01:26:39]} {[%emt 00:00:29]} 11. a4 {[%clk 01:25:42]}
{[%emt 00:02:40]} a5 {[%clk 01:26:21]} {[%emt 00:00:48]} 12. Nb3 {[%clk
01:18:31]} {[%emt 00:07:40]} b6 {[%clk 01:20:44]} {[%emt 00:06:06]} 13. Qd2
{[%clk 01:13:32]} {[%emt 00:05:29]} Qc7 {[%clk 01:18:58]} {[%emt 00:02:17]} 14.
f3 {[%clk 01:07:55]} {[%emt 00:06:07]} Nh5 {[%clk 01:13:02]} {[%emt 00:06:25]}
15. Nf4 {[%clk 01:05:20]} {[%emt 00:03:07]} h6 {[%clk 01:00:06]} {[%emt
00:13:25]} 16. Nxh5 {[%clk 01:03:40]} {[%emt 00:02:10]} hxg5 {[%clk 00:59:46]}
{[%emt 00:00:47]} 17. Nxg7 {[%clk 01:03:28]} {[%emt 00:00:46]} Kxg7 {[%clk
00:59:42]} {[%emt 00:00:30]} 18. Qxg5 {[%clk 01:03:08]} {[%emt 00:00:53]} Rh8
{[%clk 00:58:01]} {[%emt 00:02:12]} 19. f4 {[%clk 01:01:52]} {[%emt 00:01:45]}
Rag8 {[%clk 00:55:17]} {[%emt 00:03:14]} 20. Nd2 {[%clk 00:59:25]} {[%emt
00:02:58]} Kf8 {[%clk 00:53:33]} {[%emt 00:02:12]} 21. Nf3 {[%clk 00:58:37]}
{[%emt 00:01:18]} Rg7 {[%clk 00:45:12]} {[%emt 00:08:52]} 22. Ne5 {[%clk
00:54:04]} {[%emt 00:05:04]} Ne7 {[%clk 00:40:40]} {[%emt 00:05:01]} 23. Qf6
{[%clk 00:46:43]} {[%emt 00:07:45]} Rh5 {[%clk 00:33:14]} {[%emt 00:08:02]} 24.
g4 {[%clk 00:30:01]} {[%emt 00:17:13]} Rh3 {[%clk 00:26:05]} {[%emt 00:07:37]}
25. Nxd7+ {[%clk 00:21:27]} {[%emt 00:09:05]} Qxd7 {[%clk 00:26:05]} {[%emt
00:00:28]} 26. Bb5 {[%clk 00:21:39]} {[%emt 00:00:21]} Qc7 {[%clk 00:25:04]}
{[%emt 00:01:29]} 27. Qe5 {[%emt 00:01:47]} Qd8 {[%clk 00:24:14]} {[%emt
00:00:08]} 28. Rf2 {[%clk 00:17:47]} {[%emt 00:04:17]} Rh4 {[%clk 00:21:00]}
{[%emt 00:03:44]} 29. Rg2 {[%clk 00:17:51]} {[%emt 00:00:26]} Rhh7 {[%clk
00:20:44]} {[%emt 00:00:46]} 30. Rc1 {[%clk 00:17:14]} {[%emt 00:01:07]} Nc8
{[%clk 00:18:47]} {[%emt 00:02:25]} 31. b4 {[%clk 00:16:34]} {[%emt 00:01:14]}
Nd6 {[%clk 00:17:13]} {[%emt 00:02:03]} 32. Bd3 {[%clk 00:16:33]} {[%emt
00:00:23]} Qd7 {[%clk 00:17:23]} {[%emt 00:00:28]} 33. bxa5 {[%clk 00:15:59]}
{[%emt 00:01:05]} bxa5 {[%clk 00:17:38]} {[%emt 00:00:11]} 34. Rb1 {[%clk
00:16:04]} {[%emt 00:00:27]} Ne8 {[%clk 00:17:40]} {[%emt 00:00:28]} 35. Bb5
{[%clk 00:16:06]} {[%emt 00:00:29]} Qb7 {[%clk 00:17:54]} {[%emt 00:00:16]} 36.
Rgb2 {[%clk 00:15:38]} {[%emt 00:00:57]} Qc7 {[%clk 00:15:57]} {[%emt
00:02:24]} 37. Bxe8 {[%clk 00:15:58]} {[%emt 00:00:14]} Qxe5 {[%clk 00:16:07]}
{[%emt 00:00:15]} 38. fxe5 {[%clk 00:16:22]} {[%emt 00:00:12]} Kxe8 {[%clk
00:15:02]} {[%emt 00:01:33]} 39. Rb8+ {[%clk 00:16:39]} {[%emt 00:00:14]} Kd7
{[%clk 00:15:24]} {[%emt 00:00:08]} 40. R1b7+ {[%clk 00:14:33]} {[%emt
00:02:35]} Kc6 {[%clk 00:15:44]} {[%emt 00:00:11]} 41. Rb6+ {[%clk 00:14:53]}
{[%emt 00:00:11]} Kc7 {[%clk 00:16:03]} {[%emt 00:00:11]} 42. R8b7+ {[%clk
00:14:29]} {[%emt 00:00:54]} Kc8 {[%clk 00:16:14]} {[%emt 00:00:14]} 43. Re7
{[%clk 00:14:21]} {[%emt 00:00:42]} Kd8 {[%clk 00:16:10]} {[%emt 00:00:35]} 44.
Ra7 {[%clk 00:14:21]} {[%emt 00:00:30]} Kc8 {[%clk 00:16:17]} {[%emt 00:00:21]}
45. Rxa5 {[%clk 00:14:31]} {[%emt 00:00:22]} Kc7 {[%clk 00:15:39]} {[%emt
00:01:07]} 46. Rd6 {[%clk 00:14:40]} {[%emt 00:00:20]} Kb7 {[%clk 00:15:16]}
{[%emt 00:00:53]} 47. Rb5+ {[%clk 00:14:26]} {[%emt 00:00:42]} Ka7 {[%clk
00:15:08]} {[%emt 00:00:38]} 48. a5 {[%clk 00:14:20]} {[%emt 00:00:38]} Rg8
{[%clk 00:14:52]} {[%emt 00:00:45]} 49. a6 {[%clk 00:13:46]} {[%emt 00:01:06]}
Rhh8 {[%clk 00:15:10]} {[%emt 00:00:11]} 50. Rb7+ {[%clk 00:13:51]} {[%emt
00:00:25]} Ka8 {[%clk 00:15:16]} {[%emt 00:00:24]} 51. Rxf7 {[%clk 00:13:58]}
{[%emt 00:00:23]} Rb8 {[%clk 00:15:16]} {[%emt 00:00:28]} 52. Rxe6 {[%clk
00:13:28]} {[%emt 00:01:02]} Rb1+ {[%clk 00:15:32]} {[%emt 00:00:14]} 53. Kg2
{[%clk 00:13:41]} {[%emt 00:00:17]} Rb2+ {[%clk 00:15:49]} {[%emt 00:00:13]}
54. Kg3 {[%clk 00:13:48]} {[%emt 00:00:23]} Rc8 {[%clk 00:15:08]} {[%emt
00:01:10]} 55. Rxg6 {[%clk 00:13:25]} {[%emt 00:00:54]} Rxc3+ {[%clk 00:14:43]}
{[%emt 00:00:50]} 56. Rf3 {[%clk 00:13:36]} {[%emt 00:00:24]} Rc4 {[%clk
00:14:51]} {[%emt 00:00:22]} 57. e6 {[%clk 00:13:25]} {[%emt 00:00:38]} Re2
{[%clk 00:12:52]} {[%emt 00:02:31]} 58. Rg7 {[%clk 00:13:12]} {[%emt 00:00:39]}
Rxe6 {[%clk 00:12:51]} {[%emt 00:00:33]} 59. Rf8+ {[%clk 00:13:33]} {[%emt
00:00:12]} 1-0

[Event "ODJM C 2023"]
[Site "Willingen GER"]
[Date "2023.05.29"]
[Round "3"]
[White "Ensslen, Jakob"]
[Black "Hempel, Christian"]
[Result "1-0"]
[Termination "normal"]
[Board "7"]
[WhiteElo "1298"]
[BlackElo "774"]
[WhiteClock "00:50:27"]
[BlackClock "01:24:00"]
[PlyCount "61"]
[WhiteFideId "34640258"]
[BlackFideId "34660470"]
[EventCountry "GER"]
[EventRounds "9"]
[EventType "swiss"]
[EventDate "2023.05.27"]

1. e4 {[%clk 01:30:51]} {[%emt 00:00:09]} e5 {[%clk 01:30:53]} {[%emt
00:00:07]} 2. Nf3 {[%clk 01:31:17]} {[%emt 00:00:05]} Nc6 {[%clk 01:31:16]}
{[%emt 00:00:06]} 3. c3 {[%clk 01:31:42]} {[%emt 00:00:05]} Nf6 {[%clk
01:31:23]} {[%emt 00:00:24]} 4. d4 {[%clk 01:32:03]} {[%emt 00:00:08]} exd4
{[%clk 01:31:15]} {[%emt 00:00:37]} 5. e5 {[%clk 01:32:14]} {[%emt 00:00:19]}
Nd5 {[%clk 01:31:16]} {[%emt 00:00:29]} 6. Qb3 {[%clk 01:30:25]} {[%emt
00:02:20]} Nde7 {[%clk 01:30:10]} {[%emt 00:01:37]} 7. cxd4 {[%clk 01:29:49]}
{[%emt 00:01:06]} Na5 {[%clk 01:29:54]} {[%emt 00:00:45]} 8. Qa4 {[%clk
01:25:06]} {[%emt 00:05:13]} b6 {[%clk 01:29:48]} {[%emt 00:00:36]} 9. Bd2
{[%clk 01:21:41]} {[%emt 00:03:55]} Nb7 {[%emt 00:01:08]} 10. Nc3 {[%clk
01:20:13]} {[%emt 00:01:56]} c6 {[%clk 01:28:28]} {[%emt 00:01:13]} 11. Bd3
{[%clk 01:14:41]} {[%emt 00:06:02]} b5 {[%clk 01:27:34]} {[%emt 00:01:24]} 12.
Qc2 {[%clk 01:13:15]} {[%emt 00:01:56]} g6 {[%clk 01:27:39]} {[%emt 00:00:26]}
13. Bg5 {[%clk 01:09:46]} {[%emt 00:03:59]} Bg7 {[%clk 01:27:14]} {[%emt
00:00:56]} 14. O-O {[%clk 01:03:38]} {[%emt 00:06:38]} O-O {[%clk 01:27:28]}
{[%emt 00:00:15]} 15. d5 {[%clk 01:03:07]} {[%emt 00:01:01]} b4 {[%clk
01:26:58]} {[%emt 00:01:00]} 16. d6 {[%clk 00:58:09]} {[%emt 00:05:28]} Qa5
{[%clk 01:25:02]} {[%emt 00:02:26]} 17. dxe7 {[%clk 00:54:24]} {[%emt
00:04:15]} Re8 {[%clk 01:25:01]} {[%emt 00:00:31]} 18. Ne4 {[%clk 00:52:09]}
{[%emt 00:02:45]} Bxe5 {[%clk 01:24:18]} {[%emt 00:01:14]} 19. Nxe5 {[%clk
00:51:42]} {[%emt 00:00:56]} Qxe5 {[%clk 01:24:33]} {[%emt 00:00:16]} 20. Nf6+
{[%clk 00:50:53]} {[%emt 00:01:18]} Kh8 {[%clk 01:23:46]} {[%emt 00:01:17]} 21.
Nxe8 {[%clk 00:50:33]} {[%emt 00:00:48]} Qxg5 {[%clk 01:23:23]} {[%emt
00:00:54]} 22. Nc7 {[%clk 00:50:18]} {[%emt 00:00:45]} Rb8 {[%clk 01:23:27]}
{[%emt 00:00:26]} 23. e8=Q+ {[%clk 00:50:21]} {[%emt 00:00:25]} Kg7 {[%clk
01:23:20]} {[%emt 00:00:39]} 24. Qce2 {[%clk 00:49:35]} {[%emt 00:01:16]} c5
{[%clk 01:23:05]} {[%emt 00:00:46]} 25. Q2e5+ {[%clk 00:49:54]} {[%emt
00:00:11]} f6 {[%clk 01:22:45]} {[%emt 00:00:50]} 26. Q5e7+ {[%clk 00:49:29]}
{[%emt 00:00:55]} Kh6 {[%clk 01:22:57]} {[%emt 00:00:18]} 27. Q8f8+ {[%clk
00:49:44]} {[%emt 00:00:15]} Kh5 {[%clk 01:23:10]} {[%emt 00:00:17]} 28. Be2+
{[%clk 00:50:01]} {[%emt 00:00:14]} Kh4 {[%clk 01:23:22]} {[%emt 00:00:17]} 29.
Qxh7+ {[%clk 00:50:15]} {[%emt 00:00:15]} Qh5 {[%clk 01:23:34]} {[%emt
00:00:19]} 30. Qxf6+ {[%clk 00:50:27]} {[%emt 00:00:18]} g5 {[%clk 01:24:00]}
{[%emt 00:00:04]} 31. Qxh5# {[%emt 00:00:25]} 1-0

[Event "ODJM C 2023"]
[Site "Willingen GER"]
[Date "2023.05.29"]
[Round "3"]
[White "Weidenhöfer, Ben"]
[Black "Haunhorst, Elisa"]
[Result "1-0"]
[Termination "normal"]
[Board "8"]
[WhiteElo "1180"]
[BlackElo "1119"]
[WhiteClock "00:23:49"]
[BlackClock "00:17:33"]
[PlyCount "57"]
[WhiteFideId "16273702"]
[BlackFideId "34640959"]
[EventCountry "GER"]
[EventRounds "9"]
[EventType "swiss"]
[EventDate "2023.05.27"]

1. d4 {[%clk 01:30:57]} d5 {[%clk 01:30:54]} {[%emt 00:00:07]} 2. e3 {[%clk
01:31:21]} {[%emt 00:00:07]} Nf6 {[%clk 01:31:19]} {[%emt 00:00:05]} 3. Bd3
{[%clk 01:31:36]} {[%emt 00:00:14]} e6 {[%clk 01:31:31]} {[%emt 00:00:17]} 4.
f4 {[%clk 01:31:34]} {[%emt 00:00:32]} Bd6 {[%clk 01:31:45]} {[%emt 00:00:16]}
5. Nf3 {[%clk 01:31:34]} {[%emt 00:00:31]} b6 {[%clk 01:31:41]} {[%emt
00:00:34]} 6. c3 {[%clk 01:30:08]} {[%emt 00:01:56]} Bb7 {[%clk 01:30:56]}
{[%emt 00:01:15]} 7. Ne5 {[%clk 01:30:09]} {[%emt 00:00:30]} c5 {[%clk
01:29:43]} {[%emt 00:01:42]} 8. O-O {[%clk 01:24:39]} {[%emt 00:05:59]} Nc6
{[%clk 01:23:55]} {[%emt 00:06:19]} 9. Nd2 {[%clk 01:16:46]} {[%emt 00:08:23]}
O-O {[%clk 01:21:06]} {[%emt 00:03:19]} 10. Qe1 {[%clk 01:12:07]} {[%emt
00:05:09]} cxd4 {[%clk 01:11:46]} {[%emt 00:09:50]} 11. exd4 {[%clk 01:07:01]}
{[%emt 00:05:36]} Ne7 {[%clk 01:06:56]} {[%emt 00:05:19]} 12. Qh4 {[%clk
00:58:22]} {[%emt 00:09:09]} Nf5 {[%clk 01:01:01]} {[%emt 00:06:26]} 13. Qh3
{[%clk 00:56:44]} {[%emt 00:02:07]} Qc8 {[%clk 00:58:27]} {[%emt 00:03:05]} 14.
g4 {[%clk 00:52:43]} {[%emt 00:04:30]} Ba6 {[%clk 00:47:23]} {[%emt 00:11:35]}
15. Bxa6 {[%clk 00:48:59]} {[%emt 00:04:14]} Qxa6 {[%clk 00:47:38]} {[%emt
00:00:15]} 16. gxf5 {[%clk 00:48:57]} {[%emt 00:00:32]} exf5 {[%clk 00:44:26]}
{[%emt 00:03:42]} 17. Qxf5 {[%clk 00:48:32]} {[%emt 00:00:54]} Qe2 {[%clk
00:42:17]} {[%emt 00:02:40]} 18. Ndf3 {[%clk 00:47:15]} {[%emt 00:01:47]} Qa6
{[%clk 00:37:06]} {[%emt 00:05:41]} 19. Re1 {[%clk 00:42:55]} {[%emt 00:04:49]}
b5 {[%clk 00:35:39]} {[%emt 00:01:57]} 20. a3 {[%clk 00:41:29]} {[%emt
00:01:57]} h6 {[%clk 00:30:10]} {[%emt 00:05:59]} 21. Kh1 {[%clk 00:38:42]}
{[%emt 00:03:16]} Qb7 {[%clk 00:26:47]} {[%emt 00:03:54]} 22. Rg1 {[%clk
00:35:39]} {[%emt 00:03:32]} Ne4 {[%clk 00:26:00]} {[%emt 00:01:18]} 23. Rg2
{[%clk 00:34:02]} {[%emt 00:02:07]} Bxe5 {[%clk 00:23:45]} {[%emt 00:02:45]}
24. fxe5 {[%emt 00:03:33]} Qa6 {[%clk 00:22:34]} {[%emt 00:01:38]} 25. Qh3
{[%clk 00:28:13]} {[%emt 00:03:18]} b4 {[%clk 00:21:29]} {[%emt 00:01:36]} 26.
Bxh6 {[%clk 00:26:15]} {[%emt 00:02:28]} bxc3 {[%clk 00:17:33]} {[%emt
00:04:26]} 27. Bxg7 {[%clk 00:23:49]} {[%emt 00:02:56]} f6 {[%emt 00:01:17]}
28. e6 {[%emt 00:00:13]} cxb2 {[%emt 00:00:06]} 29. Qh8# 1-0

[Event "ODJM C 2023"]
[Site "Willingen GER"]
[Date "2023.05.29"]
[Round "3"]
[White "Vöcking, Laura"]
[Black "Kühne, Malin"]
[Result "1/2-1/2"]
[Termination "normal"]
[Board "9"]
[WhiteElo "1282"]
[BlackElo "1162"]
[WhiteClock "00:16:59"]
[BlackClock "00:22:34"]
[PlyCount "40"]
[WhiteFideId "16287630"]
[BlackFideId "34619747"]
[EventCountry "GER"]
[EventRounds "9"]
[EventType "swiss"]
[EventDate "2023.05.27"]

1. e4 {[%clk 01:30:57]} {[%emt 06:27:42]} c6 {[%clk 01:30:55]} {[%emt
00:00:08]} 2. d4 {[%clk 01:31:07]} {[%emt 00:00:19]} d5 {[%clk 01:31:20]}
{[%emt 00:00:05]} 3. exd5 {[%clk 01:31:17]} {[%emt 00:00:20]} cxd5 {[%clk
01:31:41]} {[%emt 00:00:08]} 4. Nf3 {[%clk 01:31:17]} {[%emt 00:00:30]} Bf5
{[%clk 01:31:26]} {[%emt 00:00:44]} 5. c4 {[%clk 01:30:40]} {[%emt 00:01:08]}
dxc4 {[%clk 01:28:03]} {[%emt 00:03:53]} 6. Bxc4 {[%clk 01:29:24]} {[%emt
00:01:46]} e6 {[%clk 01:26:23]} {[%emt 00:02:10]} 7. O-O {[%clk 01:27:45]}
{[%emt 00:02:08]} Be7 {[%clk 01:23:30]} {[%emt 00:03:23]} 8. Nc3 {[%clk
01:24:09]} {[%emt 00:04:06]} h6 {[%clk 01:19:32]} {[%emt 00:04:28]} 9. Bd3
{[%clk 01:15:53]} {[%emt 00:08:46]} Bxd3 {[%clk 01:15:25]} {[%emt 00:04:36]}
10. Qxd3 {[%clk 01:16:00]} {[%emt 00:00:24]} Bf6 {[%clk 01:12:14]} {[%emt
00:03:41]} 11. Be3 {[%clk 01:13:02]} {[%emt 00:03:29]} Ne7 {[%clk 01:07:26]}
{[%emt 00:05:17]} 12. Rfd1 {[%clk 01:07:13]} {[%emt 00:06:18]} O-O {[%clk
01:03:44]} {[%emt 00:04:13]} 13. Rac1 {[%clk 00:59:59]} {[%emt 00:07:44]} Nbc6
{[%clk 01:00:01]} {[%emt 00:04:13]} 14. a3 {[%clk 00:48:40]} {[%emt 00:11:49]}
a5 {[%clk 00:51:47]} {[%emt 00:08:44]} 15. Rc2 {[%clk 00:40:19]} {[%emt
00:08:51]} Qc7 {[%clk 00:42:33]} {[%emt 00:09:44]} 16. Rcd2 {[%clk 00:28:13]}
{[%emt 00:12:37]} Rfd8 {[%clk 00:38:54]} {[%emt 00:04:07]} 17. Qe4 {[%clk
00:22:30]} {[%emt 00:06:13]} Rd7 {[%clk 00:33:22]} {[%emt 00:06:02]} 18. Bf4
{[%clk 00:20:25]} {[%emt 00:02:35]} Qb6 {[%clk 00:26:17]} {[%emt 00:07:36]} 19.
Ne5 {[%clk 00:19:22]} {[%emt 00:01:32]} Rdd8 {[%clk 00:24:32]} {[%emt
00:02:15]} 20. d5 {[%clk 00:16:59]} {[%emt 00:02:53]} Bxe5 {[%clk 00:22:34]}
{[%emt 00:02:28]} 1/2-1/2

[Event "ODJM C 2023"]
[Site "Willingen GER"]
[Date "2023.05.29"]
[Round "3"]
[White "Meyer, Henry Paul"]
[Black "Klockhaus, Daniel"]
[Result "1/2-1/2"]
[Termination "normal"]
[Board "10"]
[WhiteElo "1337"]
[BlackElo "1440"]
[WhiteClock "00:16:17"]
[BlackClock "00:30:29"]
[PlyCount "57"]
[WhiteFideId "34645802"]
[BlackFideId "16299132"]
[EventCountry "GER"]
[EventRounds "9"]
[EventType "swiss"]
[EventDate "2023.05.27"]

1. d4 {[%clk 01:30:57]} {[%emt 00:00:02]} d5 {[%clk 01:30:51]} {[%emt
00:00:09]} 2. c4 {[%clk 01:31:19]} {[%emt 00:00:07]} c6 {[%clk 01:31:00]}
{[%emt 00:00:22]} 3. Nf3 {[%clk 01:31:25]} {[%emt 00:00:23]} Bf5 {[%clk
01:30:52]} {[%emt 00:00:40]} 4. cxd5 {[%clk 01:31:21]} {[%emt 00:00:33]} cxd5
{[%clk 01:31:13]} {[%emt 00:00:09]} 5. Qb3 {[%clk 01:31:05]} {[%emt 00:00:46]}
Qc7 {[%clk 01:27:08]} {[%emt 00:04:35]} 6. Nc3 {[%clk 01:30:29]} {[%emt
00:01:06]} e6 {[%clk 01:27:04]} {[%emt 00:00:35]} 7. Bf4 {[%clk 01:27:45]}
{[%emt 00:03:13]} Bd6 {[%clk 01:08:56]} {[%emt 00:18:39]} 8. Bxd6 {[%clk
01:24:16]} {[%emt 00:03:59]} Qxd6 {[%clk 01:09:20]} {[%emt 00:00:06]} 9. Qxb7
{[%clk 01:23:09]} {[%emt 00:01:36]} Qc6 {[%clk 01:08:48]} {[%emt 00:01:01]} 10.
Qxc6+ {[%clk 01:22:41]} {[%emt 00:00:59]} Nxc6 {[%clk 01:09:11]} {[%emt
00:00:07]} 11. e3 {[%clk 01:22:21]} {[%emt 00:00:48]} Nge7 {[%clk 01:06:58]}
{[%emt 00:02:45]} 12. Bb5 {[%clk 01:17:30]} {[%emt 00:05:20]} O-O {[%clk
01:05:52]} {[%emt 00:01:36]} 13. h3 {[%clk 01:09:31]} {[%emt 00:08:30]} Nb4
{[%clk 01:02:36]} {[%emt 00:03:46]} 14. O-O {[%clk 01:05:40]} {[%emt 00:04:21]}
a6 {[%clk 00:53:28]} {[%emt 00:09:38]} 15. Be2 {[%clk 01:03:25]} {[%emt
00:02:38]} Rfc8 {[%clk 00:45:43]} {[%emt 00:08:23]} 16. Nh4 {[%clk 00:52:24]}
{[%emt 00:11:30]} Bd3 {[%clk 00:43:00]} {[%emt 00:03:13]} 17. Bxd3 {[%clk
00:51:41]} {[%emt 00:01:13]} Nxd3 {[%clk 00:43:18]} {[%emt 00:00:13]} 18. Na4
{[%clk 00:48:44]} {[%emt 00:03:24]} Rab8 {[%clk 00:41:18]} {[%emt 00:02:32]}
19. b3 {[%emt 00:06:33]} Rc2 {[%clk 00:39:22]} 20. Rad1 {[%clk 00:29:43]}
{[%emt 00:15:53]} Nb2 {[%clk 00:37:32]} {[%emt 00:02:21]} 21. Nxb2 {[%clk
00:29:15]} {[%emt 00:00:59]} Rxb2 {[%clk 00:37:53]} {[%emt 00:00:08]} 22. Ra1
{[%clk 00:28:08]} {[%emt 00:01:37]} Rc8 {[%clk 00:35:28]} {[%emt 00:02:54]} 23.
Rfb1 {[%clk 00:26:05]} {[%emt 00:02:34]} Re2 {[%clk 00:33:30]} {[%emt
00:02:27]} 24. Re1 {[%clk 00:19:14]} {[%emt 00:07:21]} Rb2 {[%clk 00:32:39]}
{[%emt 00:01:21]} 25. Rec1 {[%clk 00:16:23]} {[%emt 00:03:21]} Rxc1+ {[%clk
00:32:05]} {[%emt 00:01:05]} 26. Rxc1 {[%clk 00:16:52]} {[%emt 00:00:01]} Rxa2
{[%clk 00:32:16]} {[%emt 00:00:19]} 27. Rc7 {[%clk 00:16:56]} {[%emt 00:00:26]}
Kf8 {[%clk 00:31:17]} {[%emt 00:01:28]} 28. Ra7 {[%clk 00:16:48]} {[%emt
00:00:38]} f6 {[%clk 00:30:29]} {[%emt 00:01:18]} 29. b4 {[%clk 00:16:17]}
{[%emt 00:10:07]} 1/2-1/2